=LDR 00000nam 2200000 4500 =001 INLIS000000000024425 =005 20130612123019 =008 ***********************************Ind** =035 ##$$0010-061300000024425 =041 ##$$a Ind =082 ##$$a 028.5 =090 ##$$a 028.5, Pus p =100 ##$$a Puspariani, Sari =245 ##$$a Penunjuk sirkus untuk nila, Sari Pusparini =260 ##$$a 1997 $b Bandung =300 ##$$a 29 hlm, ilus, 23 cm =650 ##$$a Bacaan kanak-kanak =850 ##$$a NBPNMAT